[Event "Girona Territorial-ch"]
[Site "Girona"]
[Date "2013.10.06"]
[Round "2"]
[White "Pruja Ramirez de Cartagena, Eduardo"]
[Black "Diaz Munoz, Sergi"]
[Result "0-1"]
[WhiteElo "1811"]
[BlackElo "2038"]
[PlyCount "64"]
[EventDate "2013.09.22"]
[EventType "swiss"]
[EventRounds "9"]
[EventCountry "ESP"]
[SourceTitle "EXT 2015"]
[Source "ChessBase"]
[SourceDate "2014.11.20"]
[SourceVersion "1"]
[SourceVersionDate "2014.11.20"]
[SourceQuality "1"]

1. e4 c5 2. Nc3 Nc6 3. f4 g6 4. Nf3 Bg7 5. Bb5 Nd4 6. 0-0 Nxb5 7. Nxb5 d6 8. Nc3 e6 9. d3 Ne7 10. Qe2 0-0 11. Bd2 Bd7 12. Rae1 b5 13. Nd1 b4 14. c3 a5 15. Ne3 Bb5 16. c4 Bc6 17. e5 dxe5 18. fxe5 Bxf3 19. Rxf3 Bxe5 20. Ng4 Bd4+ 21. Be3 Nf5 22. Bf2 Ra6 23. Rh3 Bxf2+ 24. Qxf2 h5 25. Ne5 Qd4 26. Qxd4 Nxd4 27. Nd7 Rc8 28. Re5 Rac6 29. Nf6+ Kg7 30. Ne4 f6 31. Nxf6 Kxf6 32. Re4 Rd8 0-1

[Event "Llinars del Valles op-A 7th"]
[Site "Llinars del Valles"]
[Date "2013.05.18"]
[Round "5"]
[White "Pruja Ramirez de Cartagena, Eduardo"]
[Black "Morais Carreras, Javier"]
[Result "1/2-1/2"]
[WhiteElo "1777"]
[BlackElo "1972"]
[PlyCount "84"]
[EventDate "2013.04.13"]
[EventType "swiss"]
[EventRounds "7"]
[EventCountry "ESP"]
[SourceTitle "EXT 2014"]
[Source "ChessBase"]
[SourceDate "2013.11.20"]
[SourceVersion "1"]
[SourceVersionDate "2013.11.20"]
[SourceQuality "1"]

1. e4 e5 2. Nf3 Nf6 3. Nxe5 d6 4. Nf3 Nxe4 5. Nc3 Nxc3 6. dxc3 Be7 7. Bf4 0-0 8. Qd2 Nd7 9. 0-0-0 Nc5 10. Bd3 Be6 11. Kb1 Bf6 12. h3 Qd7 13. g4 Nxd3 14. Qxd3 Bxa2+ 15. Kxa2 Qa4+ 16. Kb1 Qxf4 17. g5 Bxg5 18. Rhg1 Bh6 19. Rg4 Qf6 20. Rdg1 g6 21. h4 Kh8 22. h5 Rg8 23. Rh1 Qf5 24. Qd4+ Bg7 25. hxg6 fxg6 26. Rgh4 h5 27. Qd1 Rae8 28. Nd4 Qf6 29. Nf5 Qxf5 30. Rxh5+ gxh5 31. Rxh5+ Qh7 32. Rxh7+ Kxh7 33. Qh5+ Bh6 34. Qf7+ Kh8 35. Qf6+ Rg7 36. Qxh6+ Kg8 37. Qf4 d5 38. Qd4 c6 39. Qxa7 Re1+ 40. Ka2 Re2 41. Qb8+ Kh7 42. Qh2+ Kg8 1/2-1/2

[Event "Llinars del Valles op-A 7th"]
[Site "Llinars del Valles"]
[Date "2013.04.13"]
[Round "1"]
[White "Pruja Ramirez de Cartagena, Eduardo"]
[Black "Fernandez Aguilar, Francisco"]
[Result "1/2-1/2"]
[WhiteElo "1777"]
[BlackElo "2001"]
[PlyCount "148"]
[EventDate "2013.04.13"]
[EventType "swiss"]
[EventRounds "7"]
[EventCountry "ESP"]
[SourceTitle "EXT 2014"]
[Source "ChessBase"]
[SourceDate "2013.11.20"]
[SourceVersion "1"]
[SourceVersionDate "2013.11.20"]
[SourceQuality "1"]

1. e4 e5 2. Nf3 Nc6 3. d4 exd4 4. Nxd4 Nf6 5. Nxc6 bxc6 6. e5 Qe7 7. Qe2 Nd5 8. c4 Ba6 9. Qe4 Nf6 10. Qe2 Nd5 11. Qe4 Nb6 12. Na3 g6 13. f4 Bg7 14. c5 Bxf1 15. cxb6 Ba6 16. bxc7 0-0 17. Qa4 Bb5 18. Nxb5 cxb5 19. Qxb5 d6 20. Be3 Qxc7 21. Rc1 Qe7 22. 0-0 Rfe8 23. Bd4 dxe5 24. fxe5 Bxe5 25. Bxe5 Qxe5 26. Qxe5 Rxe5 27. Rc7 f5 28. Rd1 Re2 29. Rdd7 Rxb2 30. Rg7+ Kh8 31. Rxh7+ Kg8 32. Rcg7+ Kf8 33. Rxa7 Rxa7 34. Rxa7 Rc2 35. a4 Ra2 36. a5 Kg8 37. a6 Kf8 38. h4 Ra4 39. Kf2 Ra3 40. Ke2 Ke8 41. Kd2 Kd8 42. Kc2 Kc8 43. Ra8+ Kc7 44. a7 Kb7 45. Rg8 Kxa7 46. Rxg6 Kb7 47. h5 Kc7 48. h6 Ra1 49. Kd3 Kd7 50. Ke3 Ke7 51. Kf4 Kf7 52. Rg3 Rh1 53. Kg5 Kg8 54. Kg6 Rh4 55. Rg5 f4 56. Rc5 Rg4+ 57. Rg5 Rh4 58. Rd5 Rg4+ 59. Rg5 Rh4 60. Kf5+ Kh7 61. Rg4 Rxh6 62. Kxf4 Rb6 63. Kg5 Kg7 64. Kh5+ Kh7 65. Rg5 Rb2 66. Rg3 Rb5+ 67. Rg5 Rb2 68. Rg3 Rb5+ 69. Kg4 Kg6 70. Kf4+ Kf6 71. Rg8 Rb4+ 72. Kf3 Rb3+ 73. Kg4 Rb1 74. Kh5 Rh1+ 1/2-1/2

[Event "Catalunya-ch U16 qual"]
[Site "Girona"]
[Date "2013.??.??"]
[Round "5.1"]
[White "Pruja Ramirez de Cartagena, Eduardo"]
[Black "Fanals Mola, Eloi"]
[Result "1-0"]
[WhiteElo "2039"]
[BlackElo "1876"]
[PlyCount "43"]
[EventDate "2013.01.19"]
[EventType "swiss"]
[EventRounds "5"]
[EventCountry "ESP"]
[SourceTitle "EXT 2024"]
[Source "ChessBase"]
[SourceDate "2023.10.10"]
[SourceVersion "1"]
[SourceVersionDate "2023.10.10"]
[SourceQuality "1"]

1. e4 c5 2. Nc3 e6 3. f4 d6 4. Nf3 Nc6 5. Bb5 Bd7 6. d3 Nf6 7. 0-0 Be7 8. Bd2 0-0 9. Bxc6 Bxc6 10. Qe2 d5 11. e5 Nd7 12. Rae1 Re8 13. Nd1 Nf8 14. Ne3 d4 15. Ng4 b5 16. Nf2 Qb6 17. Ne4 c4 18. Qf2 Bxe4 19. Rxe4 cxd3 20. cxd3 Red8 21. Nxd4 Bc5 22. Be3 1-0

[Event "ESP-ch U14"]
[Site "Salobrena"]
[Date "2012.07.13"]
[Round "8"]
[White "Pruja Ramirez de Cartagena, Eduardo"]
[Black "Salagran Ferragut, Guillem"]
[Result "0-1"]
[WhiteElo "1728"]
[BlackElo "1899"]
[PlyCount "60"]
[EventDate "2012.07.09"]
[EventType "swiss"]
[EventRounds "9"]
[EventCountry "ESP"]
[SourceTitle "EXT 2014"]
[Source "ChessBase"]
[SourceDate "2013.11.20"]
[SourceVersion "1"]
[SourceVersionDate "2013.11.20"]
[SourceQuality "1"]

1. e4 c5 2. Nc3 a6 3. f4 e6 4. Nf3 b5 5. d3 Bb7 6. g3 Nf6 7. Bg2 Be7 8. 0-0 0-0 9. h3 Qc7 10. g4 d5 11. e5 Nfd7 12. Ne2 Nc6 13. c3 a5 14. Be3 Ba6 15. d4 b4 16. f5 bxc3 17. bxc3 cxd4 18. cxd4 Nb6 19. Rf2 Nc4 20. Bg5 h6 21. Bxe7 Qxe7 22. Nd2 Qa7 23. Nb3 Rac8 24. a4 Nb2 25. Qd2 Nd3 26. Rf3 Ndxe5 27. Rc3 Bxe2 28. Qxe2 Nxd4 29. Nxd4 Qxd4+ 30. Re3 Qxa1+ 0-1

[Event "Figueres op 12th"]
[Site "Figueres"]
[Date "2011.08.13"]
[Round "3"]
[White "Lopez, Charles"]
[Black "Pruja Ramirez de Cartagena, Eduardo"]
[Result "0-1"]
[WhiteElo "1395"]
[BlackElo "1735"]
[PlyCount "64"]
[EventDate "2011.08.11"]
[EventType "swiss"]
[EventRounds "9"]
[EventCountry "ESP"]
[SourceTitle "CBM 143 Extra"]
[Source "ChessBase"]
[SourceDate "2011.08.29"]
[SourceVersion "1"]
[SourceVersionDate "2011.08.29"]
[SourceQuality "1"]

1. e4 c5 2. c3 g6 3. Nf3 Bg7 4. Bc4 Nc6 5. a3 d6 6. 0-0 Nf6 7. d3 0-0 8. Nbd2 Bg4 9. h3 Bd7 10. Re1 Qc7 11. Nf1 Rab8 12. Bf4 b5 13. Ba2 b4 14. e5 Nh5 15. exd6 exd6 16. Bd2 bxa3 17. b3 d5 18. Qc1 Qa5 19. c4 Nb4 20. Bxb4 cxb4 21. d4 dxc4 22. bxc4 b3 23. Bxb3 Rxb3 24. Ra2 Rfb8 25. Qa1 Qb4 26. N1d2 Rb2 27. Rd1 Rxa2 28. Qxa2 Qb2 29. Qxb2 Rxb2 30. Ne5 Bxe5 31. dxe5 Ba4 32. Ra1 a2 0-1

[Event "Llinars del Valles op-B 5th"]
[Site "Llinars del Valles"]
[Date "2011.05.21"]
[Round "4"]
[White "Pruja Ramirez de Cartagena, Eduardo"]
[Black "Alonso Liarte, Ivan"]
[Result "1-0"]
[WhiteElo "1698"]
[BlackElo "1477"]
[PlyCount "43"]
[EventDate "2011.04.30"]
[EventType "swiss"]
[EventRounds "7"]
[EventCountry "ESP"]
[SourceTitle "EXT 2012"]
[Source "ChessBase"]
[SourceDate "2011.11.24"]
[SourceVersion "1"]
[SourceVersionDate "2011.11.24"]
[SourceQuality "1"]

1. e4 c5 2. Nc3 d6 3. f4 g6 4. Bb5+ Bd7 5. Bxd7+ Nxd7 6. Nf3 Bg7 7. d3 Ngf6 8. 0-0 0-0 9. Qe1 b5 10. e5 dxe5 11. fxe5 Ng4 12. e6 Nde5 13. Nxe5 Qd4+ 14. Kh1 Bxe5 15. h3 Nf2+ 16. Qxf2 fxe6 17. Qg1 Qd6 18. Bh6 Rxf1 19. Qxf1 b4 20. Qf3 Rb8 21. Rf1 Bf6 22. Ne4 1-0

[Event "Girona op 1st"]
[Site "Girona"]
[Date "2010.07.20"]
[Round "8"]
[White "Saurina Suner, Francesc Xavier"]
[Black "Pruja Ramirez de Cartagena, Eduardo"]
[Result "1-0"]
[WhiteElo "1895"]
[BlackElo "1681"]
[PlyCount "83"]
[EventDate "2010.07.13"]
[EventType "swiss"]
[EventRounds "9"]
[EventCountry "ESP"]
[SourceTitle "CBM 137 Extra"]
[Source "ChessBase"]
[SourceDate "2010.09.01"]
[SourceVersion "1"]
[SourceVersionDate "2010.09.01"]
[SourceQuality "1"]

1. e4 c5 2. Nc3 g6 3. f4 Bg7 4. Nf3 Nc6 5. Bc4 e6 6. 0-0 Nge7 7. Qe1 0-0 8. d3 d5 9. Bb3 Nd4 10. Nxd4 cxd4 11. Ne2 dxe4 12. dxe4 d3 13. Nc3 dxc2 14. Be3 Qd3 15. Bc5 Re8 16. Rf3 Qd8 17. Bxc2 b6 18. Rd1 Qc7 19. Bd6 Qb7 20. e5 Bd7 21. Qh4 Nf5 22. Bxf5 exf5 23. Nd5 Bc6 24. Rh3 h5 25. Nc7 Bxg2 26. Rg3 Bf3 27. Rd3 Be4 28. Rc3 Rad8 29. Nxe8 Rxe8 30. Qh3 Qd5 31. a3 Qd2 32. Qf1 Qxb2 33. Qc1 Qxc1+ 34. Rxc1 Bh6 35. Rgc3 Bxf4 36. Rc8 Rxc8 37. Rxc8+ Kg7 38. Rd8 Be3+ 39. Kf1 f4 40. Be7 f3 41. Bf6+ Kh7 42. Rh8# 1-0

[Event "Girona op 1st"]
[Site "Girona"]
[Date "2010.07.18"]
[Round "6"]
[White "Pruja Ramirez de Cartagena, Eduardo"]
[Black "Mirasol Obrador, Miquel"]
[Result "1-0"]
[WhiteElo "1681"]
[BlackElo "1832"]
[PlyCount "43"]
[EventDate "2010.07.13"]
[EventType "swiss"]
[EventRounds "9"]
[EventCountry "ESP"]
[SourceTitle "CBM 137 Extra"]
[Source "ChessBase"]
[SourceDate "2010.09.01"]
[SourceVersion "1"]
[SourceVersionDate "2010.09.01"]
[SourceQuality "1"]

1. e4 c5 2. Nc3 Nc6 3. f4 d6 4. Nf3 g6 5. Bb5 Bg7 6. 0-0 Qb6 7. Nd5 Qd8 8. d3 e6 9. Bxc6+ bxc6 10. Nc3 Ne7 11. Qe1 Rb8 12. Qf2 0-0 13. e5 Nd5 14. Ne4 dxe5 15. Nxe5 Bxe5 16. fxe5 Qc7 17. Qxc5 Qb6 18. Qxb6 axb6 19. Nd6 Ba6 20. Bh6 Rfd8 21. Rxf7 Ne3 22. Rg7+ 1-0

[Event "ESP-ch U12"]
[Site "Linares"]
[Date "2010.07.10"]
[Round "7"]
[White "Mandado Castelany, Marco"]
[Black "Pruja Ramirez de Cartagena, Eduardo"]
[Result "1-0"]
[WhiteElo "1604"]
[BlackElo "1681"]
[PlyCount "77"]
[EventDate "2010.07.06"]
[EventType "swiss"]
[EventRounds "9"]
[EventCountry "ESP"]
[SourceTitle "CBM 137 Extra"]
[Source "ChessBase"]
[SourceDate "2010.09.01"]
[SourceVersion "1"]
[SourceVersionDate "2010.09.01"]
[SourceQuality "1"]

1. e4 c5 2. Nf3 g6 3. d4 cxd4 4. Qxd4 Nf6 5. Bb5 Qa5+ 6. Qc3 Qxc3+ 7. Nxc3 a6 8. Ba4 b5 9. e5 Ng4 10. Bb3 Nc6 11. Nd5 Rb8 12. Ng5 Ngxe5 13. f4 f6 14. fxe5 fxg5 15. Bxg5 Bg7 16. Bf4 Bxe5 17. Bxe5 Nxe5 18. 0-0-0 d6 19. Rhe1 Bf5 20. Nc7+ Kd7 21. Nxa6 Ra8 22. Rxe5 Rxa6 23. Rxb5 Ra7 24. Rc5 Rha8 25. Rc3 Rf8 26. Re3 Bg4 27. Rde1 Kd8 28. a3 Rf2 29. h3 Bf5 30. g4 Bc8 31. R1e2 Rf1+ 32. Re1 Rf2 33. Bg8 Rc7 34. R3e2 Rxe2 35. Rxe2 h5 36. gxh5 gxh5 37. Be6 Ba6 38. Rf2 Ke8 39. Rg2 1-0

[Event "Llinars del Valles op-B 4th"]
[Site "Llinars del Valles"]
[Date "2010.04.24"]
[Round "3"]
[White "Pruja Ramirez de Cartagena, Eduardo"]
[Black "Castellet Menchon, Cora"]
[Result "0-1"]
[WhiteElo "1723"]
[BlackElo "1633"]
[PlyCount "82"]
[EventDate "2010.04.10"]
[EventType "swiss"]
[EventRounds "7"]
[EventCountry "ESP"]
[SourceTitle "EXT 2012"]
[Source "ChessBase"]
[SourceDate "2011.11.24"]
[SourceVersion "1"]
[SourceVersionDate "2011.11.24"]
[SourceQuality "1"]

1. e4 c5 2. Nc3 Nc6 3. f4 e6 4. Nf3 a6 5. g3 d5 6. e5 Nh6 7. Bg2 Nf5 8. 0-0 Be7 9. g4 Nfd4 10. d3 0-0 11. Ne2 b5 12. c3 Nxe2+ 13. Qxe2 c4 14. d4 b4 15. Ne1 bxc3 16. bxc3 f6 17. Nc2 Qa5 18. Bd2 Rb8 19. Ne3 Bd7 20. Qf3 Nxd4 21. cxd4 Qxd2 22. Kh1 Qxd4 23. Rad1 Qc5 24. exf6 Bxf6 25. f5 d4 26. fxe6 Bxe6 27. Qe4 Qe5 28. Qxe5 Bxe5 29. Rxf8+ Rxf8 30. Nc2 Bxg4 31. Rd2 d3 32. Bd5+ Kh8 33. Ne3 Bf4 34. Rxd3 cxd3 35. Nxg4 d2 36. Bb3 h5 37. Nf2 Bxh2 38. Kg2 Be5 39. Ne4 Bd4 40. Kg3 Be3 41. Kh4 Rf4+ 0-1